Κατάλογος Βιβλιοθηκών Mediterranean College

Microeconomics / Global Edition: Sixth Edition (Record no. 9708)

MARC details
000 -LEADER
fixed length control field 01284cam a22001934a 4500
005 - ΗΜΕΡΟΜΗΝΙΑ ΚΑΙ ΩΡΑ ΤΕΛΕΥΤΑΙΑΣ ΕΝΗΜΕΡΩΣΗΣ
Πεδίο ελέγχου 20250605164407.0
008 - FIXED-LENGTH DATA ELEMENTS--GENERAL INFORMATION
Πεδίο ελέγχου σταθερού μήκους 250528s ||||||||||||||||||||||||d
035 ## - SYSTEM CONTROL NUMBER
System control number 24871
020 ## - ISBN
ISBN 9780273754602
040 ## - ΠΗΓΗ ΚΑΤΑΛΟΓΟΓΡΑΦΗΣΗΣ
Φορέας πρωτότυπης καταλογογράφησης MC Athens Campus Library
Γλώσσα καταλογογράφησης Ελληνικά, Μοντέρνα (1453-)
Modifying agency MC Athens Campus Library
Κανόνες περιγραφικής καταλογογράφησης AACR2
245 1# - ΤΙΤΛΟΣ ΚΑΙ ΔΗΛΩΣΗ ΥΠΕΥΘΥΝΟΤΗΤΑΣ
Τίτλος Microeconomics / Global Edition: Sixth Edition
250 ## - EDITION STATEMENT
Edition statement 6th
300 ## - PHYSICAL DESCRIPTION
Extent 844
520 ## - SUMMARY, ETC.
Summary, etc. This new edition provides students with the latest coverage of micro economic theory and explores how firms and policymakers use this micro economic models to analyze and solve problems. Preface, Introduction, Supply and Demand, Applying the Supply-and-Demand Model, Consumer Choice, Applying the Consumer Theory, Firms and Production, Costs, Competitive Firms and Markets, Applying the Competitive Model, General Equilibrium and Economic Welfare, Monopoly, Pricing and Advertising, Oligopoly and Monopolistic Competition, Game Theory, Factor Markets, Interest Rates and Investments and Capital Markets, Uncertainty, Externalities and Open Access and Public Goods, Asymmetric Information, Contracts and Moral Hazards, Appendices, Answer to Selected Questions and Problems, Sources for Applications, References, Index, Credits.
700 1# - ΠΡΟΣΘΕΤΗ ΑΝΑΓΡΑΦΗ--ΦΥΣΙΚΟ ΠΡΟΣΩΠΟ
Personal name Perloff Jeffrey M
9 (RLIN) 3536
942 ## - ADDED ENTRY ELEMENTS (KOHA)
Koha item type Books
Holdings
Τύπος τεκμηρίου Βιβλιοθήκη Τρέχουσα τοποθεσία Barcode Αριθμός εισαγωγής Ημερομηνία απόκτησης Ταξιθετικό σύμβολο Αριθμός αντιτύπου Κατάσταση απόσυρσης Κατάσταση χαμένου Κατάσταση κατεστραμμένου Μη δανεισμός Σύνολο δανεισμών Ημερομηνία τελευταίας εμφάνισης Η τιμή ισχύει από
Books MC Athens Campus Library MC Athens Campus Library 9780000097071 7800 05/06/2025 330 PER 1           05/06/2025 05/06/2025

MC Athens Campus Library
Πατησίων 94 & Κοδριγκτώνος 13, 104 34
Πελλήνης 8 & Πατησίων 107, 112 51
Τ: +30 210 8899600

MC Thessaloniki Campus Library
Ίωνος Δραγούμη 21, 54625 | Ίωνος Δραγούμη 15, 54625
Τ: +30 2310 287779 – Τ: +30 2314 440300